| 000 | 00506 a2200193 4500 | ||
|---|---|---|---|
| 005 | 20260130161456.0 | ||
| 008 | 260129b |||||||| |||| 00| 0 eng d | ||
| 020 |
_a9789364131056 _cRs. 1595.00 |
||
| 040 | _aMAIN | ||
| 082 |
_a954.01 _bS41I |
||
| 100 | _aSehgal, Abha | ||
| 245 | _aIndian art and culture: Features and significance | ||
| 260 |
_bArihant Books _c2025 _aNew Delhi |
||
| 300 | _aviii, 260 | ||
| 650 | _aHistory | ||
| 650 | _aIndian History | ||
| 650 | _aArt and Culture | ||
| 942 | _cBK | ||
| 999 |
_c394960 _d394960 |
||